Countries with Red, White and Blue Flags - Statistics

General Stats
  • This quiz has been taken 56 times
  • The average score is 20 of 25
Answer Stats
Continent Country % Correct
Oceania Australia
100%
Europe Netherlands
100%
North America United States
98%
Europe France
95%
Europe United Kingdom
95%
Europe Russia
93%
Europe Luxembourg
90%
Europe Iceland
85%
Europe Slovakia
85%
Asia Thailand
85%
South America Chile
83%
Europe Norway
83%
Europe Slovenia
83%
North America Costa Rica
80%
North America Cuba
76%
Europe Czech Republic
76%
North America Panama
73%
Asia Cambodia
71%
Asia Laos
66%
Asia North Korea
66%
Europe Croatia
63%
Africa Liberia
63%
Oceania Samoa
54%
Asia Taiwan
51%
Asia Nepal
46%
No matching quizzes found
Score Distribution
Percent of People with Each Score
Percentile by Number Answered
Your Score History
You have not taken this quiz